Breaking Bad all deaths - Statistics

General Stats
  • This quiz has been taken 83 times
  • The average score is 24 of 87
Answer Stats
Episode Date Name % Correct
EL CAMINO EL CAMINO El Camino
100%
S4E13 "Face Off" July 15, 2009 Gustavo Fring
96%
S2E2 "Grilled" November 8, 2008 Tuco Salamanca
91%
S5E16 "Felina" September 7, 2010 Walter White
91%
S5E14 "Ozymandias" March 19, 2010 Hank Schrader
89%
S5E7 "Say My Name" October 2, 2009 Mike Ehrmantraut
85%
S4E13 "Face Off" July 15, 2009 Hector Salamanca
83%
S2E12 "Phoenix" March 4, 2009 Jane Margolis
76%
S1E3 "...And the Bag's in the River" October 3, 2008 Krazy 8
76%
S5E16 "Felina" September 7, 2010 Todd Alquist
76%
S5E13 "To'hajiilee" March 19, 2010 Steven Gomez
72%
S5E16 "Felina" September 7, 2010 Jack Welker
70%
S2E11 "Mandala" February 4, 2009 Combo Ortega
59%
S3E13 "Full Measure" May 30, 2009 Gale Boetticher
59%
S4E1 "Box Cutter" May 30, 2009 Victor
59%
S4E10 "Salud" July 8, 2009 Eladio Vuente
56%
S1E1 "Pilot" September 30, 2008 Emilio Koyama
56%
S4E13 "Face Off" July 15, 2009 Tyrus Kitt
56%
S5E15 "Granite State" Middle 2010 Andrea Cantillo
54%
S3E8 "I See You" May 4, 2009 Leonel Salamanca
52%
S3E7 "One Minute" May 4, 2009 Marco Salamanca
52%
S5E16 "Felina" September 7, 2010 Lydia
50%
S2E1 "Seven Thirty-Seven" October 31, 2008 Gonzo
46%
S2E6 "Peekaboo" November 30, 2008 Spooge
46%
S3E8 "I See You" May 5, 2009 Juan Bolsa
43%
S1E7 "A No-Rough-Stuff-Type Deal" October 31, 2008 No Doze
39%
S2E7 "Negro y Azul" December 1, 2008 Tortuga
37%
S5E5 "Dead Freight" September 17, 2009 Drew Sharp
35%
S4E8 "Hermanos" (Flashback) 1989 Max Arciniega
35%
S4E10 "Salud" July 8, 2009 Joaquin Salamanca
31%
S3E12 "Half Measures" May 21, 2009 Tomas Cantillo
30%
S2E13 "ABQ" April 5, 2009 Plane
24%
S5E2 "Madrigal" July 25, 2009 Peter Schuler
22%
S5E10 "Buried" March 12, 2010 Declan
19%
S4E10 "Salud" July 8, 2009 Miguel
19%
S5E8 "Gliding Over All" October 4, 2009 Dan Wachsberg
17%
S5E8 "Gliding Over All" October 4, 2009 Dennis Markowski
17%
S5E2 "Madrigal" July 31, 2009 Duane Chow
17%
S4E10 "Salud" July 8, 2009 Don Paco
15%
S5E16 "Felina" September 7, 2010 Matt
15%
S5E2 "Madrigal" July 31, 2009 Chris Mara
13%
S4E10 "Salud" July 8, 2009 Don Cesar
13%
S4E10 "Salud" July 8, 2009 Gaff
13%
S5E8 "Gliding Over All" October 4, 2009 Ron Forenall
13%
S3E12 "Half Measures" May 22, 2009 Two Rival Dealers
13%
S3E6 "Sunset" May 2, 2009 Bobby Kee
11%
Movie September 10, 2010 Casey
11%
S4E10 "Salud" July 8, 2009 Don Escalada
11%
S4E10 "Salud" July 8, 2009 Don Luis
11%
S4E10 "Salud" July 8, 2009 Don Renaldo
11%
S4E9 "Bug" July 5, 2009 Nick
11%
S2E6 "Peekaboo" November 30, 2008 Store Clerk
11%
S4E10 "Salud" July 8, 2009 Don Artuno
9%
S4E10 "Salud" July 8, 2009 Don Cisco
9%
- 1998-2002 Ginny
9%
S5E16 "Felina" September 7, 2010 Kenny
9%
Movie September 10, 2010 Neil Kandy
9%
Movie June 2010 Sonia
9%
S4E13 "Face Off" July 15, 2009 Superlab Guards
9%
- 1965 Walter White Father
9%
S2E7 "Negro y Azul" December 1, 2008 Federale
7%
S5E16 "Felina" September 7, 2010 Frankie
7%
S5E16 "Felina" September 7, 2010 Lester
7%
S4E4 "Bullet Points" June 15, 2009 Los Pollos Hermanos Driver
7%
S4E6 "Cornered" June 21, 2009 Los Pollos Hermanos Driver 2
7%
S5E8 "Gliding Over All" October 4, 2009 Andrew Holt
6%
S4E10 "Salud" July 8, 2009 Benicio Fuentes
6%
- 1992 Group Leader Daughter
6%
S3E6 "Sunset" May 2, 2009 Mrs Peyketewa
6%
S3E1 "No Mas" April 6, 2009 Olive Oil
6%
S3E13 "Full Measure" May 24, 2009 4 Cartel Assassins
4%
S5E8 "Gliding Over All" October 4, 2009 Anthony Perez
4%
S3E1 "No Mas" April 6, 2009 Coyote Driver
4%
S5E8 "Gliding Over All" October 4, 2009 Harris Boivin
4%
S5E8 "Gliding Over All" October 4, 2009 Isaac Conley
4%
S5E8 "Gliding Over All" October 4, 2009 Raymond Martinez
4%
S5E16 "Felina" September 7, 2010 Six Gang Members
4%
S4E4 "Bullet Points" June 15, 2009 Two Cartel Assassins
4%
- unknown Unnamed woman
4%
S5E8 "Gliding Over All" October 4, 2009 William Moniz
4%
S3E1 "No Mas" April 6, 2009 9 Mexican Passangers
2%
S5E8 "Gliding Over All" October 4, 2009 Jack McGann
2%
S3E7 "One Minute" May 4, 2009 Man
2%
- unknown Mr Beneke Sr
2%
S5E10 "Buried" March 12, 2010 Nine Declan's Man
2%
S3E8 "I See You" May 5, 2009 Two Bodyguards
2%
S4E6 "Cornered" June 21, 2009 Two Los Pollos Hermanos Guards
2%
No matching quizzes found
Score Distribution
Percent of People with Each Score
Percentile by Number Answered
Your Score History
You have not taken this quiz